000 00665nam a2200241Ia 4500
003 OSt
005 20220924132011.0
006 a|||||r|||| 00| 0
007 ta
008 220923b |||||||| |||| 00| 0 tel d
024 _a346177
037 _cTextual
040 _aARTS
_cARTS
_btel
041 _2tel
_atel
082 _aO35,1L00:g, M9
100 _aRamanmurthy Au.
_9203505
245 0 _aLalithavagduryudu Lakshmana Kavivaryudu
260 _aVijaywada
_bShri Rama Depo India
_c1989
300 _a600p.
_ccm.
650 _aTELUGU LITERATURE
942 _hO35,1L00:g, M9
_cTEXL
_2CC
999 _c428957
_d428957